| 000 | 00883nam a2200253Ia 4500 | ||
|---|---|---|---|
| 003 | GCL | ||
| 008 | 140319s9999 xx 000 0 ara d | ||
| 040 |
_aGCL / _cGCL |
||
| 082 | 0 | 4 |
_a953.731 _bا ا |
| 100 | 1 | _aالازدى، جمال الدين على بن ظاف | |
| 245 | 1 | 0 |
_aاخبار الدولة الحمدانية الموصل وحلب وديار بكر والثغور / _cالازدى، جمال الدين على بن ظاف |
| 700 | 1 | _aتميمة الرواف (محقق) | |
| 260 |
_a[S.N] : _bدار حسان للطباعة والنشر |
||
| 300 | _a70 ص | ||
| 490 | _a | ||
| 650 | 0 | 4 | _aحلب |
| 650 | 0 | 4 | _aالتاريخ الاسلامى |
| 650 | 0 | 4 | _aالدولة الحديثة |
| 650 | 0 | 4 | _aالحضارة الاسلامية |
| 650 | 0 | 4 | _aالدولة الحمدانية |
| 650 | 0 | 4 | _aديار بكر |
| 650 | 0 | 4 | _aالموصل |
| 942 |
_2ddc _cBK |
||
| 999 |
_c35806 _d35806 |
||